Quick pick: Begin with Sh- Quiz Stats

Quiz not verified by Sporcle

Challenge
Share
Tweet
Embed
Score 0/20 Timer 02:00
0 Plays Today
% Correct
shatter
90.4%
shard
89.9%
shaker
89.7%
shipment
88.2%
shuttle
87.5%
showdown
87.3%
shimmer
85.9%
shellac
79.1%
shark
76.5%
sherpa
75.1%
% Correct
shoal
72.7%
shilling
70.7%
shekel
70.3%
shot put
70%
showman
64.5%
shiva
63.1%
shwa
62.4%
shillelagh
43.9%
shebeen
33.1%
shawm
28.3%

You're not logged in!

Compare scores with friends on all Sporcle quizzes.
Join for Free
OR
Log In

You Might Also Like...

Show Comments

Extras

Top Quizzes Today


Score Distribution

Your Account Isn't Verified!

In order to create a playlist on Sporcle, you need to verify the email address you used during registration. Go to your Sporcle Settings to finish the process.

Report this User

Report this user for behavior that violates our Community Guidelines.

Details: